LEADER 00981nam a2200229 i 4500 001 000000140388 003 CaOOAMICUS 005 20061026000000.0 008 061026s1967 it u000 u ita u 013 $a114588 040 $aSeMil$bita 100 1 $aFamoso, Salvatore.$0(OLS)http://semarc/name/33718 245 10$aCommento alle nuove cerimonie :$bsecondo la istruzione del 4 maggio 1967 /$cSalvatore Famoso. 260 $aBrescia :$bQueriniana,$ccopyr. 1967. 300 $a116 p. ;$c20 cm. 650 4$aLiturgia - Riforma - Sec. 20.$0(OLS)http://semarc/subject/7510 650 4$aChiesa cattolica - Liturgia.$0(OLS)http://semarc/subject/2762 850 $aSeMil 852 $aSeMil$W1$xVenegono$y1$m3K III 57$j93767$B93767$CSeMilBibl$Z2$F117107 $81 961 $aRecupero: Altro 996 $6245$aCommento alle nuove cerimonie :$bsecondo la istruzione del 4 maggio 1967$9(OLS)http://semarc/title/205166 996 $6260$aBrescia :$bQueriniana$9(OLS)http://semarc/publisher/29615 LEADER 01386nam a2200313 i 4500 001 000000164444 003 CaOOAMICUS 005 20070914000000.0 008 070914s2005 it u000 u ita u 013 $a141812 020 $a88-7229-264-6 040 $aSeMil$bita 100 1 $aBallestrero, Anastasio Alberto$b.$0(OLS)http://semarc/name/980 245 10$aMeditazioni sulla Chiesa /$cAnastasio Ballestrero ; Prefazione di Alberto Tanasini. 260 $aMorena Roma :$bOCD,$ccopyr. 2005. 300 $a92 p. ;$c19 cm. 490 0 $aServire la Parola ;$v7 500 $aDono del Card. Dionigi Tettamanzi. 650 4$aChiesa - Meditazioni.$0(OLS)http://semarc/subject/7470 650 4$aBallestrero, Anastasio Alberto - Scritti, discorsi, omelie, lettere pastorali, etc.$0(OLS)http://semarc/subject/16949 700 1 $aTanasini, Alberto.$0(OLS)http://semarc/name/62152 830 0$aServire la Parola ;$v7.$0(OLS)http://semarc/title/10765 850 $aSeMil 852 $aSeMil$W1$xVenegono$y1$m3F I 507$j115704$B115704$CSeMilBibl$Z2$F127078 $81 941 1 $a5 961 $aOmaggio: Tettamanzi Card. Dionigi 996 $6020$a88-7229-264-6$9(OLS)http://semarc/number/150694 996 $6245$aMeditazioni sulla Chiesa$9(OLS)http://semarc/title/234605 996 $6260$aMorena Roma :$bOCD$9(OLS)http://semarc/publisher/34789